डरपोक (Record no. 467874)

MARC details
000 -LEADER
fixed length control field 00409nam a2200145Ia 4500
008 - FIXED-LENGTH DATA ELEMENTS--GENERAL INFORMATION
fixed length control field 100204s9999 xx 000 0 und d
082 ## - DEWEY DECIMAL CLASSIFICATION NUMBER
Item number 22773
100 ## - MAIN ENTRY--PERSONAL NAME
Personal name नंदा गुलशन
245 ## - TITLE STATEMENT
Title डरपोक
260 ## - PUBLICATION, DISTRIBUTION, ETC. (IMPRINT)
Name of publisher, distributor, etc "अशोक पॉकेट बुक्स, दिल्ली"
Date of publication, distribution, etc 14
300 ## - PHYSICAL DESCRIPTION
Extent 174
630 ## - SUBJECT ADDED ENTRY--UNIFORM TITLE
Uniform title डरपोक
730 ## - ADDED ENTRY--UNIFORM TITLE
Uniform title डरपोक
942 ## - ADDED ENTRY ELEMENTS (KOHA)
Koha item type Book
Holdings
Withdrawn status Lost status Damaged status Not for loan Home library Current library Date acquired Cost, normal purchase price Total Checkouts Full call number Barcode Date last seen Cost, replacement price Price effective from Koha item type
        N. C. Kelkar Sarvajanik Library, Mulund N. C. Kelkar Sarvajanik Library, Mulund 02/04/2010 4.00   22773 NCKMULUND-22773 02/04/2010 4.00 02/04/2010 Book